Uranium : Resources production and demand

Wedi'i Gadw mewn:
Manylion Llyfryddiaeth
Fformat: Llyfr
Iaith:Undetermined
Cyhoeddwyd: Paris OECD 1973
Pynciau:
Tagiau: Ychwanegu Tag
Dim Tagiau, Byddwch y cyntaf i dagio'r cofnod hwn!
Thư viện lưu trữ: Trung tâm Học liệu Trường Đại học Cần Thơ
LEADER 00442nam a2200169Ia 4500
001 CTU_99670
008 210402s9999 xx 000 0 und d
082 |a 546.431 
082 |b R434 
245 0 |a Uranium : 
245 0 |b Resources production and demand 
260 |a Paris 
260 |b OECD 
260 |c 1973 
650 |a Chemistry, technical,Graphite,Uranium 
904 |i Truc 
980 |a Trung tâm Học liệu Trường Đại học Cần Thơ